Taylor Swift songs that start with "N" - Statistics

General Stats
  • This quiz has been taken 17 times
  • The average score is 5 of 6
Answer Stats
Answer % Correct
no body, no crime
91%
New Romantics
82%
Nothing New
82%
Never Grow Up
73%
Now That We Don't Talk
73%
New Year's day
55%
No matching quizzes found
Score Distribution
Percent of People with Each Score
Percentile by Number Answered
Your Score History
You have not taken this quiz